000
00297 a2200145 4500
001
174399
020
_a
040
_c
Magnum
100
_a
Almeida, Hilda Maria Ferreira de
240
1
0
_a
O gato voador
_l
por
245
1
0
_a
O gato voador
362
0
_a
1899
697
_a
I/ANIMAIS
942
_c
BK
999
_c
174399
_d
174399